00825nam a22002297a 450000500170000001000130001702000210003003500130005103700160006404000120008008200170009210000290010924500460013826000450018427000500022930000250027965000540030465000650035894200260042399900190044995201270046820170124110002.0 aB-091433 c00.00a817684148 aB-091433 bCen Lib/Ret aDPLbEN a363.728bSHR aShrivastava, A. K916099 aWealth from waste /cby A. K. Shrivastava aNew Delhi bA P H Publishing Housec2003 a5, Ansari Road, Darya GanjbNew Delhie110002 axxxi,363p.c22cm(Hb) aRefuse and refuse disposal--Biodegradation915549 aRefuse and refuse disposal -- Biodegradation -- India971809 2ddccENh363.728mSHA c125957d125957 00104070aLbLd2015-06-24eCen Lib/Ret g0.00l0o363.728 SHRpB-091433r2015-06-24 00:00:00t1v0.00w2015-06-24yEN